Statistiques concernant Stades de National 1 (2020-2021)

Cliquez ici pour prendre le quiz!

Statistiques générales

  • Ce quiz a été pris 21 fois
  • Le résultat moyen est 6 sur 18

Statistiques - réponses

CommuneStadeCapacité% Correct
Le Mans FCMMArena25.064
86%
SC BastiaStade Armand-Cesari16.048
57%
Red Star FCStade Bauer3.000
57%
US OrléansStade de la Source7.533
52%
FC AnnecyParc des Sports d'Annecy15.714
43%
Stade LavalloisStade Francis-le-Basser18.607
43%
US Quevilly-Rouen MétropoleStade Robert-Diochon12.018
43%
US Boulogne COStade de la Libération15.204
38%
US Créteil-LusitanosStade Dominique-Duvauchelle12.150
33%
Bourg-en-Bresse 01Stade Marcel-Verchère11.400
29%
Stade BriochinStade Fred-Aubert10.600
19%
US ConcarneauStade Guy-Piriou6.500
19%
FC Villefranche BeaujolaisStade Armand Chouffet3.500
14%
SC LyonStade de la Duchère5.438
14%
FC Sète 34Stade Louis-Michel8.705
14%
US AvranchesStade René-Fenouillère2.650
10%
FC Bastia-BorgoComplexe Sportif de Borgo2.000
0%
SO CholetStade Omnisport de Cholet2.635
0%

Distribution des résultats

Percentile par nombre de réponses

% des personnes avec chaque résultat

Votre développement - résultats

Vous n’avez pas pris ce quiz